Tree automata

Guardado en:
Detalles Bibliográficos
Autor principal: Gécseg, Ferenc
Otros Autores: Steinby, Magnus
Formato: Libro
Lenguaje:inglés
Publicado: Budapest Akadémiai Kiadó 1984
Etiquetas: Agregar Etiqueta
Sin Etiquetas, Sea el primero en etiquetar este registro!

MARC

LEADER 00000nam a2200000 4500
001 c109136
005 20041019155143.3
041 0 |a eng 
044 |a HU 
245 1 0 |a Tree automata  |c Ferenc Gécseg, Magnus Steinby 
264 1 |a Budapest  |b Akadémiai Kiadó  |c 1984 
300 |a 234 s. 
100 1 |a Gécseg, Ferenc 
700 1 |a Steinby, Magnus